书目信息 |
| 题名: |
严寒地区混凝土大坝设计、施工与运行
|
|
| 作者: | 俞介刚 编著 | |
| 分册: | ||
| 出版信息: | 北京 中国电力出版社 2005.10 |
|
| 页数: | 306页 | |
| 开本: | 21cm | |
| 丛书名: | ||
| 单 册: | ||
| 中图分类: | TV642.1 | |
| 科图分类: | ||
| 主题词: | 混凝土坝--hun ning tu ba--设计 , 混凝土坝--hun ning tu ba--严寒气候施工 | |
| 电子资源: | ||
| ISBN: | 7-5083-3439-6 | |
| 000 | 00971nam0 2200241 450 | |
| 001 | 010241787659 | |
| 005 | 20051111144539.98 | |
| 010 | @a7-5083-3439-6@b精装@dCNY24.00 | |
| 100 | @a20051110d2005 km y0chiy0120 ea | |
| 101 | 0 | @achi |
| 102 | @aCN@b110000 | |
| 105 | @aa a 000yy | |
| 200 | 1 | @a严寒地区混凝土大坝设计、施工与运行@Ayan han di qu hun ning tu da ba she ji、shi gong yu yun xing@f俞介刚编著@Fyu jie gang bian zhu |
| 210 | @a北京@c中国电力出版社@d2005.10 | |
| 215 | @a306页@c图@d21cm | |
| 320 | @a有书目 (第306页)。 | |
| 330 | @a本书系统总结了东北地区70年来混凝土坝的设计、施工和运行经验,内容包括:东北地区混凝土坝的经验教训,混凝土在运行中的破坏情况及破坏极机理,严冬季节混凝土坝开挖、浇筑、灌浆等施工作业方法及优缺点。 | |
| 606 | 0 | @a混凝土坝@Ahun ning tu ba@x设计 |
| 606 | 0 | @a混凝土坝@Ahun ning tu ba@x严寒气候施工 |
| 690 | @aTV642.1@v4 | |
| 701 | 0 | @a俞介刚@Ayu jie gang@4编著 |
| 801 | 0 | @aCN@bQSSK@c20051111 |
| 905 | @a10447@dTV642.1@eY790 | |
| 严寒地区混凝土大坝设计、施工与运行/俞介刚编著.-北京:中国电力出版社,2005.10 |
| 306页:图;21cm |
| ISBN 7-5083-3439-6(精装):CNY24.00 |
| 本书系统总结了东北地区70年来混凝土坝的设计、施工和运行经验,内容包括:东北地区混凝土坝的经验教训,混凝土在运行中的破坏情况及破坏极机理,严冬季节混凝土坝开挖、浇筑、灌浆等施工作业方法及优缺点。 |
| ● |
| 相关链接 |
|
|
|
正题名:严寒地区混凝土大坝设计、施工与运行
索取号:TV642.1/Y790
 
预约/预借
| 序号 | 登录号 | 条形码 | 馆藏地/架位号 | 状态 | 备注 |
| 1 | 577588 | 205775883 | 自科库501/501自科库 48排2列5层/ [索取号:TV642.1/Y790] | 在馆 | |
| 2 | 577589 | 205775892 | 自科库501/501自科库 48排2列5层/ [索取号:TV642.1/Y790] | 在馆 |